Prevalence of social justice in Guwahati city : (Record no. 10261)

MARC details
000 -LEADER
fixed length control field 00589cam a2200205ua 4500
001 - CONTROL NUMBER
control field 11431
005 - DATE AND TIME OF LATEST TRANSACTION
control field 20260515114743.0
008 - FIXED-LENGTH DATA ELEMENTS--GENERAL INFORMATION
fixed length control field 190919n ii |||gr||||Z||||||eng
020 ## - INTERNATIONAL STANDARD BOOK NUMBER
International Standard Book Number 9789386302410
040 ## - CATALOGING SOURCE
Transcribing agency MAIN
041 ## - LANGUAGE CODE
Language code of text/sound track or separate title eng
082 ## - DEWEY DECIMAL CLASSIFICATION NUMBER
Classification number 303.372
100 ## - MAIN ENTRY--PERSONAL NAME
Personal name Bibeka Nanda Gogoi,
Relator term Author.
245 ## - TITLE STATEMENT
Title Prevalence of social justice in Guwahati city :
Remainder of title asocial geographiv analysis from Dwellers perspective /
Statement of responsibility, etc. By Bibeka Nanda Gogoi .
250 ## - EDITION STATEMENT
Edition statement 1st ed.
260 ## - PUBLICATION, DISTRIBUTION, ETC.
Place of publication, distribution, etc. Guwahati:
Name of publisher, distributor, etc. EBHpublishers,
Date of publication, distribution, etc. 2018.
300 ## - PHYSICAL DESCRIPTION
Extent 236p.
653 ## - INDEX TERM--UNCONTROLLED
Uncontrolled term Social processes
942 ## - ADDED ENTRY ELEMENTS (KOHA)
Koha item type Books
Holdings
Withdrawn status Lost status Damaged status Not for loan Home library Current library Shelving location Date acquired Total checkouts Full call number Barcode Date last seen Copy number Price effective from Koha item type
        Naharkatiya College Library Naharkatiya College Library General stacks 09/19/2020   303.372Social process | GOG 27367 09/19/2020 1 09/19/2020 Books